| 000 | 00569nam a2200181 i 4500 | ||
|---|---|---|---|
| 001 | 89394 | ||
| 003 | ES-MaACL | ||
| 007 | t| | ||
| 008 | 050110s1975 sp ||||1| spa d | ||
| 100 | 1 |
_aLapierre, Dominique. _970157 |
|
| 245 | 1 | 0 |
_aEsta noche, la libertad / _cDominique Lapierre, Larry Collins ; [traducción de Adolfo Martín]. |
| 250 | _a[1ª ed.]. | ||
| 260 |
_a[Barcelona] : _bPlaza & Janés, _c[1975] |
||
| 300 |
_a475 p., 16 lám. ; _c23 cm. |
||
| 700 | 1 |
_aCollins, Larry. _939735 |
|
| 700 | 1 |
_aMartín, Adolfo. _977259 |
|
| 852 |
_aES-MaACL _jE-4972 _bR.93386 |
||
| 999 |
_c89394 _d89394 |
||